Регионална библиотека "Любен Каравелов" - Русе

Април 1876 (Запис номер 119463)

MARC детайли
000 -Лидер
Контролно поле с фиксирана дължина nam a22 a 4500
003 - Код на организацията, давaща контролен номер
Контролно поле BLK
005 - Дата и час на последна редакция
Контролно поле 20221012163411.0
008 - Елементи от данни с фиксирана дължина
fixed length control field 180409b bul|||||r ||||||| ||bul||
010 ## - Наследен системен номер
LC control number KNG00125078000
040 ## - Източник на каталожния запис
Идентификатор на билиотеката - собственик на записа BLK
041 ## - Код за език
Код за езика на текст/звукозапис или на отделно заглавие Български
Код за езика КДБФ Български
080 ## - УДК
Текстов определител УДК Специална библиография
УДК код - определител по УДК 016
УДК определител :949.72.042.22
УДК - код + определител 016:949.72.042.22
080 ## - УДК
Текстов определител УДК Априлско въстание (1876). Четата на Хр. Ботев
УДК код - определител по УДК 94(497.2)"1876"
УДК определител (01)
УДК - код + определител 94(497.2)"1876"(01)
100 1# - Редна дума - Автор
Автор Коева, Мария Ангелова
Авторска отговорност първи автор
R(LIN) 316196
139 ## - Редно поле
Редна дума Коева, Мария А.
Авторски знак Кодж - К 73
245 10 - Сведения за заглавието
Заглавие Април 1876
Подзаглавни данни Метод. и библиогр. материали в помощ на библ.
Редно поле (дума) Мария Ангелова Коева; ред. Христо Хаджихристов.
257 ## - Страна на издаване
Страна на създаване/издаване България
260 ## - Област на издателските данни
Място на издаване, разпространение и проч. София
Име на издателя, разпространителя и проч. Нар. библ. Кирил и Методий
Година на издаване 1976
300 ## - Физическа характеристика
Страници 105 с.
Размери/Мащаб 23 см
380 ## - Жанр
Жанр Общ отдел
650 #4 - Допълнително описание по предмет – тема
Основно описание – тема или топоним Априлско въстание, 1876 г. - библиографии
9 (RLIN) 316197
653 ## - Ключова дума – ненормативна
Ключова дума Априлско въстание
653 ## - Ключова дума – ненормативна
Ключова дума библиографски указатели
653 ## - Ключова дума – ненормативна
Ключова дума българска история
700 1# - Други автори (авторска отговорност)
Лично име Хаджихристов, Христо
Автороска отговорност (Описва отношението между автора и произведението) ред.
9 (RLIN) 376727
852 ## - Местоположение
Форматна сигнатура Цб 79955
Фондова буква Хранилище
856 4# - Електронен адрес и достъп
Електронен формат pdf - файл
Инструкция (цена за достъп) 0.00
Права за достъп disable
856 4# - Електронен адрес и достъп
Електронен формат pdf - файл
Инструкция (цена за достъп) 0.00
Права за достъп disable
999 ## - СИСТЕМНИ КОНТРОЛНИ НОМЕРА
Koha biblionumber 119463
Koha biblioitemnumber 119463
942 ## - АРТИКУЛИ
Вид на библиотечния материал Книги
Скрит в OPAC Не
Периодичен библиозапис Да
944 ## - СЪЗДАВАНЕ И РЕДАКЦИЯ на ЗАПИСА
Създаване/Редакция Създаване
Дата на регистрацията/редакция 19.08.2011
Статус, дата на статуса 19.08.2011 - от С1,Р / 19.08.2011
Служител, извършил регистрацията/редакцията Нора_Радева
944 ## - СЪЗДАВАНЕ И РЕДАКЦИЯ на ЗАПИСА
Създаване/Редакция Редакция
Дата на регистрацията/редакция 2022-10-12
Служител, извършил регистрацията/редакцията ир
999 ## - СИСТЕМНИ КОНТРОЛНИ НОМЕРА
Koha biblioitemnumber 119463
Наличности
Код за отписване Код за изгубен артикул Източник на класификационната схема Код за повреда Коз за рестрикции Код за отдаване Артикулен № Име на библиотеката - собственик Име на библиотеката, в която се намира в момента Статус (Текущо местоположение) Дата на вписване в системата Местоположение - отдел Цена в лева Инвентарен номер Систематично азбучна сигнатура Баркод Номер на екземпляра Цена в евро Служебна бележка Служебен тип на артикула
  Не е изгубен Universal Decimal Classification Не е повреден само за читалня ползва се в читалня 192733 Регионална библиотека "Любен Каравелов" Русе Регионална библиотека "Любен Каравелов" Русе СБИД 1976-01-01 СБИД 0.47 202053 С 016:94(497.2)/К 73 120000202053 1 0.24 N: стар фонд Дата: 01.01.1976 Дата инв: 08.06.2017 Бележки инв: С2017 Книги
  Не е изгубен Universal Decimal Classification Не е повреден само за читалня ползва се в читалня 192734 Регионална библиотека "Любен Каравелов" Русе Регионална библиотека "Любен Каравелов" Русе Хранилище 1976-01-01 Хранилище 0.85 202149 Цб 79955 120000202149 2 0.43 N: стар фонд Дата: 01.01.1976 Книги
Vip Innovations Ltd, Rousse, Bulgaria 2025